LIBRARY & INFORMATION CENTRE, KCAET, TAVANUR

ONLINE PUBLIC ACCESS CATALOGUE (OPAC)

Pre Degree trikonomithy / (Record no. 6174)

MARC details
000 -LEADER
fixed length control field 00578cam a2200229ua 4500
041 ## - LANGUAGE CODE
Language code of text/sound track or separate title ben
082 ## - DEWEY DECIMAL CLASSIFICATION NUMBER
Classification number 516.24
Item number RAM/TR
100 ## - MAIN ENTRY--AUTHOR NAME
Personal name Ramachandhra, Menon P .
245 ## - TITLE STATEMENT
Title Pre Degree trikonomithy /
250 ## - EDITION STATEMENT
Edition statement 2 /
260 ## - PUBLICATION, DISTRIBUTION, ETC. (IMPRINT)
Place of publication Thiruvananthapuram :
Name of publisher State Instititute of Languages ,
Year of publication 1971.
300 ## - PHYSICAL DESCRIPTION
Number of Pages 278 ; .
942 ## - ADDED ENTRY ELEMENTS (KOHA)
Koha item type Books
Holdings
Withdrawn status Lost status Damaged status Home library Current library Date acquired Full call number Accession Number Koha item type
      KAUAET KAUAET 07/04/2012 516.24 14342 Books
      KAUAET KAUAET 07/04/2012 516.24 14340 Books
Withdrawn     KAUAET KAUAET 07/04/2012 516.24 14341 Books
      KAUAET KAUAET 07/04/2012 516.24 14338 Books
      KAUAET KAUAET 07/04/2012 516.24 14339 Books
free website counter